ბათუმის შოთა რუსთაველის სახელმწიფო უნივერსიტეტის ბიბლიოთეკა

Dacie and Lewis Practical Haematology / (ბიბ.ჩანაწერი № 61740)

000 -LEADER
fixed length control field 00744nam a22002057a 4500
005 - DATE AND TIME OF LATEST TRANSACTION
control field 20240425153852.0
008 - FIXED-LENGTH DATA ELEMENTS--GENERAL INFORMATION
fixed length control field 240425s2006 enk||||| |||| 00| 0 eng d
020 ## - INTERNATIONAL STANDARD BOOK NUMBER
International Standard Book Number 9780443066603x
041 ## - LANGUAGE CODE
Language code of text/sound track or separate title eng
080 ## - UNIVERSAL DECIMAL CLASSIFICATION NUMBER
Universal Decimal Classification number 616.15 L-63
100 ## - MAIN ENTRY--PERSONAL NAME
Personal name Lewis, S. Mitchell
9 (RLIN) 21939
245 ## - TITLE STATEMENT
Title Dacie and Lewis Practical Haematology /
Statement of responsibility, etc. S. Mitchell Lewis, Barbara J. Bain, Imelda Bates.
264 ## - PRODUCTION, PUBLICATION, DISTRIBUTION, MANUFACTURE, AND COPYRIGHT NOTICE
Place of production, publication, distribution, manufacture Philadelphia :
Name of producer, publisher, distributor, manufacturer Churchill Livingstone,
Date of production, publication, distribution, manufacture, or copyright notice 2006.
300 ## - PHYSICAL DESCRIPTION
Extent 722 p.:
Other physical details ill.
Dimensions 24 cm.
653 ## - INDEX TERM--UNCONTROLLED
keyword პრაქტიკული ჰემატოლოგია
653 ## - INDEX TERM--UNCONTROLLED
keyword მედიცინა
700 ## - ADDED ENTRY--PERSONAL NAME
Personal name Bain, Barbara J.
Relator term ავტორი
9 (RLIN) 21940
700 ## - ADDED ENTRY--PERSONAL NAME
Personal name Bates, Imelda
Relator term ავტორი
9 (RLIN) 21941
942 ## - ADDED ENTRY ELEMENTS (KOHA)
Source of classification or shelving scheme
Koha item type წიგნი
ეგზემპლარები
Withdrawn status Lost status Source of classification or shelving scheme Damaged status Not for loan Permanent Location Current Location Shelving location Date acquired Cost, normal purchase price Full call number Barcode Date last seen Copy number Price effective from Koha item type Public note
          ბათუმის შოთა რუსთაველის სახელმწიფო უნივერსიტეტის მთავარი ბიბლიოთეკა ბათუმის შოთა რუსთაველის სახელმწიფო უნივერსიტეტის მთავარი ბიბლიოთეკა წიგნსაცავი 2024-04-25 185.00 616.15 L-63 67905 2024-04-25 67905 2024-04-25 წიგნი 185 ლ.